<?xml version="1.0" encoding="UTF-8"?><?xml-stylesheet type="text/xsl" href="static/style.xsl"?><OAI-PMH xmlns="http://www.openarchives.org/OAI/2.0/" xmlns:xsi="http://www.w3.org/2001/XMLSchema-instance" xsi:schemaLocation="http://www.openarchives.org/OAI/2.0/ http://www.openarchives.org/OAI/2.0/OAI-PMH.xsd"><responseDate>2026-04-14T03:52:03Z</responseDate><request verb="GetRecord" identifier="oai:www.recercat.cat:20.500.12327/703" metadataPrefix="marc">https://recercat.cat/oai/request</request><GetRecord><record><header><identifier>oai:recercat.cat:20.500.12327/703</identifier><datestamp>2025-10-22T11:13:23Z</datestamp><setSpec>com_2072_4428</setSpec><setSpec>com_2072_4427</setSpec><setSpec>col_2072_487898</setSpec></header><metadata><record xmlns="http://www.loc.gov/MARC21/slim" xmlns:dcterms="http://purl.org/dc/terms/" xmlns:xsi="http://www.w3.org/2001/XMLSchema-instance" xmlns:doc="http://www.lyncode.com/xoai" xsi:schemaLocation="http://www.loc.gov/MARC21/slim http://www.loc.gov/standards/marcxml/schema/MARC21slim.xsd">
   <leader>00925njm 22002777a 4500</leader>
   <datafield ind2=" " ind1=" " tag="042">
      <subfield code="a">dc</subfield>
   </datafield>
   <datafield ind2=" " ind1=" " tag="720">
      <subfield code="a">Guirado, Pedro</subfield>
      <subfield code="e">author</subfield>
   </datafield>
   <datafield ind2=" " ind1=" " tag="720">
      <subfield code="a">Paytubi, Sonia</subfield>
      <subfield code="e">author</subfield>
   </datafield>
   <datafield ind2=" " ind1=" " tag="720">
      <subfield code="a">Miró, Elisenda</subfield>
      <subfield code="e">author</subfield>
   </datafield>
   <datafield ind2=" " ind1=" " tag="720">
      <subfield code="a">Iglesias-Torrens, Yaidelis</subfield>
      <subfield code="e">author</subfield>
   </datafield>
   <datafield ind2=" " ind1=" " tag="720">
      <subfield code="a">Navarro, Ferran</subfield>
      <subfield code="e">author</subfield>
   </datafield>
   <datafield ind2=" " ind1=" " tag="720">
      <subfield code="a">Cerdà-Cuéllar, Marta</subfield>
      <subfield code="e">author</subfield>
   </datafield>
   <datafield ind2=" " ind1=" " tag="720">
      <subfield code="a">Attolini, Camille Stephan-Otto</subfield>
      <subfield code="e">author</subfield>
   </datafield>
   <datafield ind2=" " ind1=" " tag="720">
      <subfield code="a">Balsalobre, Carlos</subfield>
      <subfield code="e">author</subfield>
   </datafield>
   <datafield ind2=" " ind1=" " tag="720">
      <subfield code="a">Madrid, Cristina</subfield>
      <subfield code="e">author</subfield>
   </datafield>
   <datafield ind2=" " ind1=" " tag="260">
      <subfield code="c">2020-02-26</subfield>
   </datafield>
   <datafield ind2=" " ind1=" " tag="520">
      <subfield code="a">Campylobacter jejuni causes campylobacteriosis, a bacterial gastroenteritis with high&#xd;
incidence worldwide. Moreover, C. jejuni infection can trigger the polyneuropathic disorder&#xd;
denominated Guillain-Barré syndrome (GBS). The C. jejuni strains that can elicit GBS carry either&#xd;
wlaN or cgtB, coding both genes for a β-1,3-galactosyltransferase enzyme that is required for the&#xd;
production of sialylated lipooligosaccharide (LOSSIAL). We described a differential prevalence of the&#xd;
genes wlaN and cgtB in C. jejuni isolates from three different ecological niches: humans, broiler&#xd;
chickens, and wild birds. The distribution of both genes, which is similar between broiler chicken&#xd;
and human isolates and distinct when compared to the wild bird isolates, suggests a host-dependent&#xd;
distribution. Moreover, the prevalence of the wlaN and cgtB genes seems to be restricted to some&#xd;
clonal complexes. Gene sequencing identified the presence of new variants of the G- homopolymeric&#xd;
tract within the wlaN gene. Furthermore, we detected two variants of a G rich region within the cgtB&#xd;
gene, suggesting that, similarly to wlaN, the G-tract in the cgtB gene mediates the phase variation&#xd;
control of cgtB expression. Caco-2 cell invasion assays indicate that there is no evident correlation&#xd;
between the production of LOSSIAL and the ability to invade eukaryotic cells.</subfield>
   </datafield>
   <datafield ind1="8" ind2=" " tag="024">
      <subfield code="a">Guirado, Pedro, Sonia Paytubi, Elisenda Miró, Yaidelis Iglesias-Torrens, Ferran Navarro, Marta Cerdà-Cuéllar, Camille Stephan-Otto Attolini, Carlos Balsalobre, and Cristina Madrid. 2020. "Differential Distribution Of The Wlan And Cgtb Genes, Associated With Guillain-Barré Syndrome, In Campylobacter Jejuni Isolates From Humans, Broiler Chickens, And Wild Birds". Microorganisms 8 (3): 325. MDPI AG. doi:10.3390/microorganisms8030325.</subfield>
   </datafield>
   <datafield ind1="8" ind2=" " tag="024">
      <subfield code="a">2076-2607</subfield>
   </datafield>
   <datafield ind1="8" ind2=" " tag="024">
      <subfield code="a">http://hdl.handle.net/20.500.12327/703</subfield>
   </datafield>
   <datafield ind1="8" ind2=" " tag="024">
      <subfield code="a">https://doi.org/10.3390/microorganisms8030325</subfield>
   </datafield>
   <datafield ind2="0" ind1="0" tag="245">
      <subfield code="a">Differential distribution of the wlaN and cgtB genes, Associated with Guillain-Barré Syndrome, in Campylobacter jejuni isolates from humans, broiler chickens, and wild birds</subfield>
   </datafield>
</record></metadata></record></GetRecord></OAI-PMH>